Atmavanchana (Record no. 96791)

MARC details
000 -LEADER
fixed length control field 00576nam a2200229Ia 4500
005 - DATE AND TIME OF LATEST TRANSACTION
control field 20230417114932.0
008 - FIXED-LENGTH DATA ELEMENTS--GENERAL INFORMATION
fixed length control field 230125s9999 xx 000 0 und d
020 ## - INTERNATIONAL STANDARD BOOK NUMBER
International Standard Book Number 9789353174071
041 ## - LANGUAGE CODE
Language code of text/sound track or separate title eng
082 ## - DEWEY DECIMAL CLASSIFICATION NUMBER
Classification number 891.463
Item number SHO/PAT
100 ## - MAIN ENTRY--PERSONAL NAME
Author Shourie A
245 ## - TITLE STATEMENT
Title Atmavanchana
250 ## - EDITION STATEMENT
Edition statement 1st Ed.
260 ## - PUBLICATION, DISTRIBUTION, ETC.
Date of publication, distribution, etc. 2020
Name of publisher, distributor, etc. Mehta publication
Place of publication, distribution, etc. Pune
300 ## - PHYSICAL DESCRIPTION
Extent 334p
500 ## - GENERAL NOTE
Keywords Marathi Literature
650 ## - SUBJECT ADDED ENTRY--TOPICAL TERM
Topical term or geographic name entry element Marathi Literature
700 ## - ADDED ENTRY--PERSONAL NAME
Personal name Shourie A & Patharkar A (Trans.)
942 ## - ADDED ENTRY ELEMENTS (KOHA)
Koha item type Books
906 ## - LOCAL DATA ELEMENT F, LDF (RLIN)
b 112.5
Holdings
Withdrawn status Lost status Damaged status Not for loan Home library Current library Date acquired Vendor Net Price Bill number Total Checkouts Full call number Barcode Date last seen Actual Price Bill Date Koha item type Original Barcode
        Smt. Hiraben Nanavati Institute of Management & Research for Women Smt. Hiraben Nanavati Institute of Management & Research for Women 13/03/2021 Forward Books 450.00 11381   891.463 SHO/PAT B21705 HIMR-BK-21705 25/01/2023 337.50 12/03/2021 Books B21705